LIBRARY ONLINE CATALOGUE

Food and beverage service / (Record no. 7000)

MARC details
000 -LEADER
fixed length control field 00775nam a22002412 4500
001 - CONTROL NUMBER
control field 0000005321
005 - DATE AND TIME OF LATEST TRANSACTION
control field 20151217152001.0
008 - FIXED-LENGTH DATA ELEMENTS--GENERAL INFORMATION
fixed length control field 070611s xx 000 0 eng d
020 ## - INTERNATIONAL STANDARD BOOK NUMBER
International Standard Book Number 0340847034 :
Terms of availability KES 800
040 ## - CATALOGING SOURCE
Original cataloging agency KABU
Transcribing agency KABU
050 #0 - LIBRARY OF CONGRESS CALL NUMBER
Classification number TX911.3
Item number .M27L55 1990
100 1# - MAIN ENTRY--PERSONAL NAME
Personal name Lillicrap, Dennis.
-- 0000156550
245 10 - TITLE STATEMENT
Title Food and beverage service /
Statement of responsibility, etc. Dennis Lillicrap, John Cousins, Robert Smith.
250 ## - EDITION STATEMENT
Edition statement 6th ed.
260 ## - PUBLICATION, DISTRIBUTION, ETC. (IMPRINT)
Place of publication, distribution, etc. London :
Name of publisher, distributor, etc. ELST with Hodder and Stoughton,
Date of publication, distribution, etc. 2002.
300 ## - PHYSICAL DESCRIPTION
Extent xiii, 469 p. ;
Dimensions 25 cm.
650 #0 - SUBJECT ADDED ENTRY--TOPICAL TERM
Topical term or geographic name as entry element Food service management.
-- 0000156551
700 1# - ADDED ENTRY--PERSONAL NAME
Personal name Cousins, John.
-- 0000156552
700 1# - ADDED ENTRY--PERSONAL NAME
Personal name Smith, Robert.
-- 0000044423
908 ## - PUT COMMAND PARAMETER (RLIN)
Put command parameter 070611
950 ## - LOCAL HOLDINGS (RLIN)
-- 1
Holdings
Withdrawn status Lost status Source of classification or shelving scheme Not for loan Home library Current library Date acquired Total Checkouts Full call number Barcode Date last seen Date last checked out Price effective from Koha item type
    Library of Congress Classification   Kabarak, Main Campus Kabarak, Main Campus 17/12/2015 8 TX911.3 .M27L55 1990 009570 04/04/2022 30/03/2022 17/12/2015 General Collection